01501nam a22002417a 450000500170000000800410001702000180005804000070007604100080008308200180009110000250010924500130013426000370014730000250018436500590020944000290026852006710029765000370096865000350100594200120104099900190105295201880107120251104154700.0251104b |||||||| |||| 00| 0 eng d a9781398539549 cAL aeng a823.914bASHR aLauren Asher9243862 aRedeemed aLondonbSimon and Schusterc2024 avi,458pbPBc20x13cm 2Englisha4241b₹399.20c₹d499.00e20%f25-10-2025 aDirty air series9243863 aSantiago Alatorre One mistake destroys my career. I go from most eligible bachelor to monster, hiding from the world. At least until Chloe breaks into my home. My new fake girlfriend is a temporary fix to my biggest problem. But as our game changes, so do my feelings. There’s only one issue stopping me from claiming her. Me. Chloe Carter It all started with a birthday wish, some vodka, and an ancestry kit. That’s how I end up in Italy, finding my long-lost father. But one decision lands me a fake boyfriend I don’t want. The more we pretend, the easier our ruse becomes. I told myself not to fall in love with a liar like Santiago. I should have listened. aAmerican English Fiction9243853 aAmerican English Novel9243854 2ddccBK c240662d240662 00102ddc40708ENGaALbALcSKd2025-10-30eBiblios Book Point, Surathkal, Mangalore-575014g399.20l2o823.914 ASHRp077977r2026-01-13 09:14:08s2026-01-02v499.00w2025-10-25yBK